|
|
|
|
| LEADER |
01328nam a2200313 a 4500 |
| 001 |
c000132327 |
| 003 |
CARM |
| 005 |
00000000000000.0 |
| 008 |
940104s1993 aca b 00010 eng d |
| 019 |
1 |
|
|a 10636972
|5 LACONCORD2021
|
| 020 |
|
|
|a 086831255X
|
| 035 |
|
|
|a (OCoLC)30435601
|5 LACONCORD2021
|
| 040 |
|
|
|a ADEET
|c ADEET
|
| 042 |
|
|
|a anuc
|
| 100 |
2 |
|
|a Engelbrecht-Wiggins, Richard.
|
| 245 |
1 |
0 |
|a Sequential auctions with continuation costs /
|c Richard Engelbrecht- Wiggins, Flavio M. Menezes.
|
| 260 |
|
|
|a Canberra :
|b Australian National University,
|c 1993.
|
| 300 |
|
|
|a 20 p. ;
|c 21 cm.
|
| 440 |
|
0 |
|a Working papers in economics and econometrics ;
|v no. 255.
|
| 504 |
|
|
|a Bibliography: p. 20.
|
| 650 |
|
0 |
|a Auctions
|x Mathematical models.
|
| 700 |
1 |
|
|a Menezes, Flavio M.
|
| 710 |
2 |
0 |
|a Australian National University.
|b Faculty of Economics.
|
| 710 |
2 |
0 |
|a Australian National University.
|b Research School of Pacific Studies.
|b Dept. of Economics.
|
| 710 |
2 |
0 |
|a Australian National University.
|b Research School of Social Sciences.
|b Dept. of Economics.
|
| 852 |
8 |
|
|b CARM
|h A2:AH01B0
|i B03492
|p 0095653
|f BK
|
| 082 |
0 |
|
|a 381.170151
|
| 999 |
f |
f |
|i 48d3728f-aacf-58fc-ab90-12582595c079
|s e940bb3b-65c5-502c-9164-b1e8fd873e5c
|
| 952 |
f |
f |
|p Can circulate
|a CAVAL
|b CAVAL
|c CAVAL
|d CARM 1 Store
|e B03492
|f A2:AH01B0
|h Other scheme
|i book
|m 0095653
|